LEADER 01960nam a2200337 i 4500 001 000000349202 003 CaOOAMICUS 005 20220121124122.0 008 220121s2006 gw u000 u gre u 013 $a91158 040 $aSeMil$bita 100 0 $aEpiphanius,$c.$0(OLS)http://semarc/name/5724 245 10$a4: Register zu den Bänden 1.-3. :$b(Ancoratus, Panarion haer. 1-80 und De fide) /$cnach den Materialen von Karl Holl (?) ; bearbeitet von Christian-Friedrich Collatz und Arnd Rattmann ; unter Mitarbeit von Marietheres Döhler, Dorothea Hollnagel und Christoph Markschies. 264 1$aBerlin ; New York :$bDe Gruyter,$c2006. 300 $aXII, 483 p. ;$c25 cm 490 1 $aDie griechischen christlichen Schriftsteller der ersten Jahruhunderte. Neue Folge ;$v13 700 1 $aHoll, Karl,$d<1866-1926>.$0(OLS)http://semarc/name/4418 700 1 $aMarkschies, Christoph Johannes,$d<1962- >.$0(OLS)http://semarc/name/114156 700 1 $aCollatz, Christian Friedrich.$0(OLS)http://semarc/name/115329 700 1 $aDöhler, Marietheres.$0(OLS)http://semarc/name/115332 700 1 $aRattmann, Arnd.$0(OLS)http://semarc/name/115331 700 1 $aHollnagel, Dorothea.$0(OLS)http://semarc/name/115333 773 0 $aEpiphanius, $tEpiphanius.$dLeipzig : Hinrichs, 1933-1979.$kGriechischen christlichen Schriftsteller der ersten Jahrhunderte$g4$w()349194 830 4$aDie griechischen christlichen Schriftsteller der ersten Jahruhunderte. Neue Folge ;$v13.$0(OLS)http://semarc/title/431726 850 $aSeMil 852 $aSeMil$W1$xVenegono$y1$m2UA K 13$j231440$B240262$CSeMilBibl$Z2$F240262 $81 900 1 $aMarkschies, Christoph. 996 $6245$a4: Register zu den Bänden 1.-3. :$b(Ancoratus, Panarion haer. 1-80 und De fide)$9(OLS)http://semarc/title/438735 996 $6264$aBerlin ; New York :$bDe Gruyter$9(OLS)http://semarc/publisher/29892 LEADER 01186nam a2200265 i 4500 001 000000069126 003 CaOOAMICUS 005 20200429092607.0 008 080926s1975 it u000 u ita u 013 $a40298 040 $aSeMil$bita 245 10$a40: Prospettiva sulla metafisica di San Tommaso /$cMichele Federico Sciacca. 264 1$aRoma :$bCittà Nuova,$c1975. 300 $a186 p., [1] c. di tav. :$bill. ;$c22 cm. 500 $aFondo Ciprandi. 650 4$aTommaso : d'Aquino - Pensiero filosofico.$0(OLS)http://semarc/subject/871 700 1 $aSciacca, Michele Federico <1908-1975>.$0(OLS)http://semarc/name/402 773 0 $aSciacca, Michele Federico <1908-1975>$tOpere complete di Michele F. Sciacca.$dMilano : Marzorati : [poi]... Roma : Città Nuova, 1958-1979.$g40$w()1336 850 $aSeMil 852 $aSeMil$W1$xVenegono$y1$m2P III 180$j35279$B35279$CSeMilBibl$Z2$F35282 $81 941 1 $a1 961 $aOmaggio: Ciprandi dott. Paolo 996 $6245$a40: Prospettiva sulla metafisica di San Tommaso$9(OLS)http://semarc/title/110610 996 $6264$aRoma :$bCittà Nuova$9(OLS)http://semarc/publisher/29609